| 000 | 00663nam a22002417a 4500 | ||
|---|---|---|---|
| 003 | UA-OsUOA | ||
| 001 | 26542 | ||
| 007 | ta | ||
| 008 | 20040607b un ||||| |||| 00| 0 ukr d | ||
| 100 | _aВязовкин В.С. | ||
| 090 |
_a54(091) _bВ99 |
||
| 942 | _cBK | ||
| 040 |
_aUA-OsUOA _brus _cUA-OsUOA _dUA-OsUOA |
||
| 245 |
_aМатериалистическая философия и химия _bХимическая картина природы и ее эволюция |
||
| 300 | _a180 с. | ||
| 955 | _a0 | ||
| 041 | _arus | ||
| 080 | _a54(091) | ||
| 260 |
_aМосква _b"Мысль" _c1980 |
||
| 044 | _aRU | ||
| 650 | 7 | _2UDC | |
| 999 |
_c312867 _d312867 |
||